LEGO Ninjago Season 12: Prime Empire Minifigures - Statistics

General Stats
  • This quiz has been taken 36 times
  • The average score is 9 of 13
Answer Stats
Picture Answer % Correct
Cole
97%
Harumi
90%
Kai
90%
Lloyd
90%
Jay
87%
Nya
83%
Zane
77%
Unagami
73%
Okino
70%
Scott
67%
Sushimi
43%
Richie
33%
Hausner
20%
No matching quizzes found
Score Distribution
Percent of People with Each Score
Percentile by Number Answered
Your Score History
You have not taken this quiz